• 首页
  • 本馆介绍
  • 公告通知
  • 最新文献
  • 馆藏检索
  • 电子资源
  • 读者导购
  • 参考咨询
  • 我的图书馆
  • 登录
  • 详细信息显示
  • 放入我的书架
  • 预约/预借图书
  • 作者相关作品
  • 分类相关作品
  • 丛书相关作品
  • 出版社相关作品

书目信息

  • 表格格式
  • 工作单格式
  • 卡片格式
题名:
美洲史论
    
 
作者: 罗荣渠 著
分册:  
出版信息: 北京   中国社会科学出版社  1997.08
页数: 438页
开本: 32开
丛书名: 中华美国学丛书
单 册:
中图分类: K700.7-53
科图分类:
主题词: 美洲--历史--研究--文集
电子资源:
ISBN: 7-5004-2152-4
000 00608nam0 2200217 45
001 0105221629
005 20031219104049.9
010    @a7-5004-2152-4@dCNY25.00
100    @a20010522d1997 km y0chiy0120 ea
101 0  @achi
105    @a z 000yy
200 1  @a美洲史论@AMei Zhou Shi Lun@f罗荣渠著@FLuo Rong Qu Zhu
210    @a北京@c中国社会科学出版社@d1997.08
215    @a438页@d32开
225    @a中华美国学丛书
410    @12001 @a中华美国学丛书
606 0  @a美洲@x历史@x研究@x文集
690    @aK700.7-53@v4
701    @a罗荣渠@4著
801    @aCN@bTSTC@c20010522
905    @f1@b297378@dK700.7-53@e3
    
    美洲史论/罗荣渠著.-北京:中国社会科学出版社,1997.08
    438页;32开.-(中华美国学丛书)
    
    
    ISBN 7-5004-2152-4:CNY25.00
    
●
相关链接 在E读中查询图书 在五车中查询图书 在当当中查询图书 在豆瓣中查询图书


正题名:美洲史论     索取号:K700.7-53/3         预约/预借

序号 登录号 条形码 馆藏地/架位号 状态 备注
1 0297378   202973782   第二样本阅览室/ [索取号:K700.7-53/3] 在馆    
唐山师范学院图书馆 欢迎您!
大连网信软件有限公司© 版权所有